000 00413nam a2200169Ia 4500
008 221030s9999 xx 000 0 und d
020 _a8131794746
041 _aEnglish
100 _aM. M. Mano
245 0 _aDigital Design
_cby M. M. Mano, M. D. Ciletti
250 _a5th
260 _bPearson Edcuation
_aNew Delhi
_c2014
300 _a678
650 _aComputers
700 _aM. D. Ciletti
942 _cBK
999 _c15556
_d15556